al-Tharwah al-ḥayawānīyah ʻinda qudamāʼ al-Miṣrīyīn, (Record no. 49290)

MARC details
000 -LEADER
fixed length control field 00707cam a22002291 4500
001 - CONTROL NUMBER
control field ne 66002097
003 - CONTROL NUMBER IDENTIFIER
control field DLC
005 - DATE AND TIME OF LATEST TRANSACTION
control field 20260227111828.0
008 - FIXED-LENGTH DATA ELEMENTS--GENERAL INFORMATION
fixed length control field 840110s1966 ua 000 0 arar
010 ## - LIBRARY OF CONGRESS CONTROL NUMBER
LC control number ne 66002097
035 ## - SYSTEM CONTROL NUMBER
System control number (OCoLC)10285429
040 ## - CATALOGING SOURCE
Original cataloging agency DLC
Transcribing agency TxU
Modifying agency DLC
042 ## - AUTHENTICATION CODE
Authentication code premarc
050 00 - LIBRARY OF CONGRESS CALL NUMBER
Classification number QL336
Item number .N3
100 1# - MAIN ENTRY--PERSONAL NAME
Personal name Naẓīr, Wilyam.
245 13 - TITLE STATEMENT
Title al-Tharwah al-ḥayawānīyah ʻinda qudamāʼ al-Miṣrīyīn,
Statement of responsibility, etc. bi-qalam Wilyam Naẓīr.
260 ## - PUBLICATION, DISTRIBUTION, ETC.
Place of publication, distribution, etc. al-Qāhirah,
Name of publisher, distributor, etc. al-Dār al-Qawmīyah lil-Ṭibāʻah wa-al-Nashr
Date of publication, distribution, etc. [1966]
300 ## - PHYSICAL DESCRIPTION
Extent 239 p.
Other physical details illus.
Dimensions 24 cm.
504 ## - BIBLIOGRAPHY, ETC. NOTE
Bibliography, etc. note Bibliography: p. 229-231.
650 #0 - SUBJECT ADDED ENTRY--TOPICAL TERM
Topical term or geographic name entry element Zoology, Economic
Geographic subdivision Egypt.
651 #0 - SUBJECT ADDED ENTRY--GEOGRAPHIC NAME
Geographic name Egypt
General subdivision Antiquities.

No items available.

Powered by Koha